<?xml version="1.0" encoding="UTF-8"?>
<record
    xmlns:xsi="http://www.w3.org/2001/XMLSchema-instance"
    xsi:schemaLocation="http://www.loc.gov/MARC21/slim http://www.loc.gov/standards/marcxml/schema/MARC21slim.xsd"
    xmlns="http://www.loc.gov/MARC21/slim">

  <leader>01397nam0a22002651  4500</leader>
  <controlfield tag="001">rc\115572</controlfield>
  <controlfield tag="005">20250620185518.0</controlfield>
  <datafield tag="035" ind1=" " ind2=" ">
    <subfield code="a">(NLR Aleph) 005374585</subfield>
  </datafield>
  <datafield tag="090" ind1=" " ind2=" ">
    <subfield code="a">7035916</subfield>
    <subfield code="c">7035916</subfield>
  </datafield>
  <datafield tag="100" ind1=" " ind2=" ">
    <subfield code="a">20021216d1993    |||y0rusy50      ca</subfield>
  </datafield>
  <datafield tag="101" ind1="0" ind2=" ">
    <subfield code="a">rus</subfield>
  </datafield>
  <datafield tag="102" ind1=" " ind2=" ">
    <subfield code="a">RU</subfield>
  </datafield>
  <datafield tag="105" ind1=" " ind2=" ">
    <subfield code="a">a   |||||||||</subfield>
  </datafield>
  <datafield tag="200" ind1="1" ind2=" ">
    <subfield code="a">&#x422;&#x415;&#x41C;&#x410;&#x422;&#x418;&#x427;&#x415;&#x421;&#x41A;&#x418;&#x415; &#x437;&#x430;&#x447;&#x435;&#x442;&#x44B;</subfield>
    <subfield code="e">&#x41C;&#x430;&#x442;&#x435;&#x43C;&#x430;&#x442;&#x438;&#x43A;&#x430; 5</subfield>
    <subfield code="e">(&#x41A; &#x443;&#x447;&#x435;&#x431;. &#x42D;.&#x420;. &#x41D;&#x443;&#x440;&#x43A;&#x430;&#x438; &#x410;.&#x42D;. &#x422;&#x435;&#x43B;&#x44C;&#x433;&#x43C;&#x430;&#x430;)</subfield>
    <subfield code="e">&#x412;&#x430;&#x440;&#x438;&#x430;&#x43D;&#x442; 2</subfield>
    <subfield code="f">&#x41C;&#x43E;&#x441;&#x43A;. &#x414;&#x435;&#x43F;&#x430;&#x440;&#x442;&#x430;&#x43C;&#x435;&#x43D;&#x442; &#x43E;&#x431;&#x440;&#x430;&#x437;&#x43E;&#x432;&#x430;&#x43D;&#x438;&#x44F;, &#x422;-&#x432;&#x43E; "&#x41E;&#x431;&#x440;&#x430;&#x437;&#x43E;&#x432;&#x430;&#x43D;&#x438;&#x435; &#x434;&#x43B;&#x44F; &#x432;&#x441;&#x435;&#x445;"</subfield>
    <subfield code="g">[&#x421;&#x43E;&#x441;&#x442;. &#x421;.&#x421;. &#x41C;&#x438;&#x43D;&#x430;&#x435;&#x432;&#x430; &#x438; &#x434;&#x440;.]</subfield>
  </datafield>
  <datafield tag="210" ind1=" " ind2=" ">
    <subfield code="a">&#x41C;.</subfield>
    <subfield code="c">&#x412;&#x418;&#x41D;&#x418;&#x422;&#x418;</subfield>
    <subfield code="d">1993</subfield>
  </datafield>
  <datafield tag="215" ind1=" " ind2=" ">
    <subfield code="a">19 &#x441;.</subfield>
    <subfield code="c">&#x438;&#x43B;.</subfield>
    <subfield code="d">21</subfield>
  </datafield>
  <datafield tag="225" ind1="1" ind2=" ">
    <subfield code="a">&#x41C;&#x435;&#x442;&#x43E;&#x434;&#x438;&#x447;&#x435;&#x441;&#x43A;&#x43E;&#x435; &#x43E;&#x431;&#x435;&#x441;&#x43F;&#x435;&#x447;&#x435;&#x43D;&#x438;&#x435; &#x443;&#x440;&#x43E;&#x432;&#x43D;&#x435;&#x432;&#x43E;&#x439; &#x434;&#x438;&#x444;&#x444;&#x435;&#x440;&#x435;&#x43D;&#x446;&#x438;&#x430;&#x446;&#x438;&#x438; &#x43E;&#x431;&#x443;&#x447;&#x435;&#x43D;&#x438;&#x44F; &#x432; &#x43E;&#x441;&#x43D;&#x43E;&#x432;&#x43D;&#x43E;&#x439; &#x448;&#x43A;&#x43E;&#x43B;&#x435;: &#x435;&#x441;&#x442;&#x435;&#x441;&#x442;&#x432;&#x435;&#x43D;&#x43D;&#x43E;-&#x43C;&#x430;&#x442;&#x435;&#x43C;&#x430;&#x442;&#x438;&#x447;&#x435;&#x441;&#x43A;&#x438;&#x439; &#x446;&#x438;&#x43A;&#x43B;</subfield>
  </datafield>
  <datafield tag="604" ind1=" " ind2=" ">
    <subfield code="1">700#1$a&#x41D;&#x443;&#x440;&#x43A;$b&#x42D;.&#x420;.$g&#x42D;&#x43D;&#x43D; &#x420;&#x438;&#x445;&#x430;&#x440;&#x434;&#x43E;&#x432;&#x438;&#x447;</subfield>
    <subfield code="1">701#1$a&#x422;&#x435;&#x43B;&#x44C;&#x433;&#x43C;&#x430;&#x430;$b&#x410;.&#x42D;.$g&#x410;&#x43A;&#x441;&#x435;&#x43B;&#x44C; &#x42D;&#x434;&#x443;&#x430;&#x440;&#x434;&#x43E;&#x432;&#x438;&#x447;</subfield>
    <subfield code="1">50010$a&#x41C;&#x430;&#x442;&#x435;&#x43C;&#x430;&#x442;&#x438;&#x43A;&#x430;: &#x423;&#x447;&#x435;&#x431;. &#x434;&#x43B;&#x44F; 5-&#x433;&#x43E; &#x43A;&#x43B;. &#x441;&#x440;&#x435;&#x434;. &#x448;&#x43A;.$2psbo</subfield>
  </datafield>
  <datafield tag="702" ind1=" " ind2="1">
    <subfield code="a">&#x41C;&#x438;&#x43D;&#x430;&#x435;&#x432;&#x430;</subfield>
    <subfield code="b">&#x421;.&#x421;.</subfield>
    <subfield code="g">&#x421;&#x432;&#x435;&#x442;&#x43B;&#x430;&#x43D;&#x430; &#x421;&#x442;&#x430;&#x43D;&#x438;&#x441;&#x43B;&#x430;&#x432;&#x43E;&#x432;&#x43D;&#x430;</subfield>
    <subfield code="4">220</subfield>
  </datafield>
  <datafield tag="712" ind1="0" ind2="2">
    <subfield code="a">"&#x41E;&#x431;&#x440;&#x430;&#x437;&#x43E;&#x432;&#x430;&#x43D;&#x438;&#x435; &#x434;&#x43B;&#x44F; &#x432;&#x441;&#x435;&#x445;", &#x442;-&#x432;&#x43E;</subfield>
    <subfield code="c">&#x41C;&#x43E;&#x441;&#x43A;&#x432;&#x430;</subfield>
  </datafield>
  <datafield tag="801" ind1=" " ind2="0">
    <subfield code="a">RU</subfield>
    <subfield code="b">NLR</subfield>
    <subfield code="g">psbo</subfield>
  </datafield>
  <datafield tag="801" ind1=" " ind2="1">
    <subfield code="a">RU</subfield>
    <subfield code="b">ELAR</subfield>
    <subfield code="2">rusmarc</subfield>
  </datafield>
  <datafield tag="852" ind1=" " ind2=" ">
    <subfield code="a">NLR</subfield>
    <subfield code="j">94-6/25</subfield>
  </datafield>
  <datafield tag="942" ind1=" " ind2=" ">
    <subfield code="c">BOOK</subfield>
  </datafield>
  <datafield tag="980" ind1=" " ind2=" ">
    <subfield code="a">NB</subfield>
  </datafield>
  <datafield tag="995" ind1=" " ind2=" ">
    <subfield code="5">2013-10-26</subfield>
    <subfield code="b">NLR01</subfield>
    <subfield code="c">NLR01</subfield>
    <subfield code="e">RF8</subfield>
    <subfield code="f">5374585-10</subfield>
    <subfield code="k">94-6/25</subfield>
    <subfield code="o">0</subfield>
    <subfield code="r">BOOK</subfield>
    <subfield code="s">94625_</subfield>
  </datafield>
</record>
